000723595 001__ 723595 000723595 005__ 20260128143434.0 000723595 0247_ $$2datacite_doi$$a10.18154/RWTH-CONV-224962 000723595 037__ $$aRWTH-CONV-224962 000723595 041__ $$aEnglish 000723595 1001_ $$aNabeel, P. M.$$b0$$eCorresponding author 000723595 1112_ $$a13. Russian-German Conference on Biomedical Engineering (RGC)$$cAachen$$d2018-05-23 - 2018-05-25$$gRGC$$wGermany 000723595 245__ $$aHemodynamic Interventions for Inducing Blood Pressure Variation in Laboratory Settings$$honline 000723595 260__ $$c2018 000723595 29510 $$a[13th Russian-German Conference on Biomedical Engineering (RGC), RGC, 2018-05-23 - 2018-05-25, Aachen, Germany] 000723595 3367_ $$033$$2EndNote$$aConference Paper 000723595 3367_ $$0PUB:(DE-HGF)8$$2PUB:(DE-HGF)$$aContribution to a conference proceedings$$bcontrib$$mcontrib 000723595 3367_ $$2BibTeX$$aINPROCEEDINGS 000723595 3367_ $$2DRIVER$$aconferenceObject 000723595 3367_ $$2DataCite$$aOutput Types/Conference Paper 000723595 3367_ $$2ORCID$$aCONFERENCE_PAPER 000723595 500__ $$aVeröffentlicht auf dem Publikationsserver der RWTH Aachen University 000723595 7001_ $$aVenkatramanan, Surya$$b1 000723595 7001_ $$aJoseph, Jayaraj$$b2 000723595 7001_ $$aSivaprakasam, Mohanasankar$$b3 000723595 7870_ $$0RWTH-2018-224393$$iHasPart 000723595 8564_ $$uhttps://publications.rwth-aachen.de/record/723595/files/723595.pdf$$yOpenAccess 000723595 8564_ $$uhttps://publications.rwth-aachen.de/record/723595/files/723595.gif?subformat=icon$$xicon$$yOpenAccess 000723595 8564_ $$uhttps://publications.rwth-aachen.de/record/723595/files/723595.jpg?subformat=icon-180$$xicon-180$$yOpenAccess 000723595 8564_ $$uhttps://publications.rwth-aachen.de/record/723595/files/723595.jpg?subformat=icon-700$$xicon-700$$yOpenAccess 000723595 909CO $$ooai:publications.rwth-aachen.de:723595$$pdnbdelivery$$pdriver$$popen_access$$popenaire 000723595 915__ $$0StatID:(DE-HGF)0510$$2StatID$$aOpenAccess 000723595 915__ $$0StatID:(DE-HGF)10000$$2StatID$$aHosted Content 000723595 961__ $$c2018-05-14$$x2018-05-14$$z2018-05-18 000723595 9801_ $$aEXTERN4COORD 000723595 9801_ $$aFullTexts 000723595 980__ $$aUNRESTRICTED 000723595 980__ $$acontrib 000723595 980__ $$aI:(DE-HGF)0